000
00267nam a22001337a 4500
008
180214b xxu||||| |||| 00| 0 eng d
020
_a
9781133886785
041
_a
eng
080
_a
61
100
_a
3
101
_a
SHM
245
_a
COMP
_c
VAN.R
942
_2
udc
_c
BK
999
_c
42494
_d
42494